[Event "Benidorm op-A"]
[Site "Benidorm"]
[Date "2022.12.08"]
[Round "6"]
[White "Sanroman Costas, Mauro"]
[Black "Cherniack, Alex"]
[Result "1-0"]
[WhiteElo "2123"]
[BlackElo "2188"]
[PlyCount "73"]
[EventDate "2022.12.03"]
[EventType "swiss"]
[EventRounds "9"]
[EventCountry "ESP"]
[SourceTitle "CBM 211 Extra"]
[Source "ChessBase"]
[SourceDate "2023.01.31"]
[SourceVersion "1"]
[SourceVersionDate "2023.01.31"]
[SourceQuality "1"]

1. e4 e5 2. Nc3 Nf6 3. f4 d5 4. fxe5 Nxe4 5. Qf3 Nxc3 6. bxc3 c5 7. Qg3 Nc6 8. Nf3 Be6 9. Be2 h6 10. 0-0 Qd7 11. d4 c4 12. a4 0-0-0 13. Ba3 Bxa3 14. Rxa3 Rdg8 15. Nd2 Ne7 16. Rb1 Nf5 17. Qf2 h5 18. a5 Ne7 19. Ra2 Nc6 20. Bxc4 dxc4 21. Ne4 Kc7 22. Rxb7+ Kxb7 23. Nc5+ Kc7 24. Nxd7 Kxd7 25. d5 Bxd5 26. Qc5 Be4 27. Qxc4 f5 28. exf6 Re8 29. Qf7+ Kd6 30. fxg7 Rhg8 31. Ra1 h4 32. Rd1+ Kc5 33. Re1 Bg6 34. Qf2+ Kb5 35. Rxe8 Rxe8 36. Qf8 Ne7 37. Qxe7 1-0

[Event "Santiago de Compostela Bicapawn GP B2"]
[Site "Santiago de Compostela"]
[Date "2022.10.20"]
[Round "4"]
[White "Sanroman Costas, Mauro"]
[Black "Shchekachev, Andrei"]
[Result "0-1"]
[WhiteElo "2123"]
[BlackElo "2510"]
[PlyCount "65"]
[EventDate "2022.10.20"]
[EventType "swiss (blitz)"]
[EventRounds "9"]
[EventCountry "ESP"]
[SourceTitle "CBM 210 Extra"]
[Source "ChessBase"]
[SourceDate "2022.11.30"]
[SourceVersion "1"]
[SourceVersionDate "2022.11.30"]
[SourceQuality "1"]

1. d4 Nf6 2. c4 g6 3. Nc3 Bg7 4. e4 d6 5. Nf3 0-0 6. Be2 e5 7. 0-0 Bg4 8. d5 a5 9. Bg5 Na6 10. Nd2 Bd7 11. a3 Qc8 12. Rb1 h6 13. Be3 Ng4 14. Bxg4 Bxg4 15. f3 Bd7 16. b4 axb4 17. axb4 c5 18. dxc6 bxc6 19. Qe2 Kh7 20. Rfc1 f5 21. c5 fxe4 22. fxe4 d5 23. exd5 Bf5 24. dxc6 Bxb1 25. Rxb1 Nc7 26. Nde4 Ra3 27. b5 Qe6 28. Qd1 Qc4 29. Qd2 Rb8 30. Qd7 Nxb5 31. Nf6+ Kh8 32. c7 Rxc3 33. cxb8Q+ 0-1

[Event "ESP-ch U18 Rapid"]
[Site "Salobrena"]
[Date "2022.08.07"]
[Round "7"]
[White "Conde Riveiro, Xacobe"]
[Black "Sanroman Costas, Mauro"]
[Result "1/2-1/2"]
[WhiteElo "1632"]
[BlackElo "1443"]
[PlyCount "54"]
[EventDate "2022.08.06"]
[EventType "swiss (rapid)"]
[EventRounds "9"]
[EventCountry "ESP"]
[SourceTitle "EXT 2023"]
[Source "ChessBase"]
[SourceDate "2022.10.05"]
[SourceVersion "1"]
[SourceVersionDate "2022.10.05"]
[SourceQuality "1"]

1. e4 a5 2. a3 e6 3. Nc3 b6 4. d4 d5 5. exd5 exd5 6. Nf3 Nf6 7. h3 Bd6 8. Bg5 c6 9. Bd3 Ba6 10. Ne2 Bxd3 11. cxd3 Nbd7 12. 0-0 h6 13. Bf4 Qc7 14. Qd2 0-0 15. Rfe1 c5 16. Rac1 Rfc8 17. Bxd6 Qxd6 18. dxc5 bxc5 19. Nc3 Rab8 20. a4 Nb6 21. Nb5 Qf8 22. Qxa5 c4 23. d4 Ne4 24. Na7 Rc7 25. Nb5 Rcc8 26. Na7 Rc7 27. Nb5 Rcc8 1/2-1/2

[Event "Pontevedra op-A 10th"]
[Site "Pontevedra"]
[Date "2022.07.26"]
[Round "4"]
[White "Roque Sola, Jose Luis"]
[Black "Sanroman Costas, Mauro"]
[Result "1-0"]
[WhiteElo "2098"]
[BlackElo "1934"]
[PlyCount "109"]
[EventDate "2022.07.24"]
[EventType "swiss"]
[EventRounds "9"]
[EventCountry "ESP"]
[SourceTitle "EXT 2023"]
[Source "ChessBase"]
[SourceDate "2022.10.05"]
[SourceVersion "1"]
[SourceVersionDate "2022.10.05"]
[SourceQuality "1"]

1. e4 c6 2. d4 d5 3. e5 c5 4. dxc5 e6 5. a3 Nc6 6. Nf3 Bxc5 7. b4 Bb6 8. Bb2 a5 9. b5 Nce7 10. a4 Nh6 11. Bd3 Ng6 12. 0-0 Nf4 13. c4 0-0 14. Na3 Bc5 15. cxd5 Qxd5 16. Bxh7+ Kh8 17. Qc2 Qd8 18. Qxc5 Kxh7 19. Rad1 Nd5 20. Nc4 Kg8 21. Ba3 Re8 22. Nd6 Rf8 23. Nxc8 Rxc8 24. Qxf8+ Qxf8 25. Bxf8 Kxf8 26. Rc1 Rxc1 27. Rxc1 Ke7 28. h3 Kd7 29. Nd2 Nf5 30. g4 Nd4 31. Kf1 f6 32. Nc4 Nb3 33. Rd1 Ke7 34. exf6+ gxf6 35. Rb1 Nc5 36. Nxa5 Nc3 37. Rc1 N5xa4 38. Nxb7 Nxb5 39. Rc4 Nac3 40. Rc5 Kf7 41. f4 Kg6 42. Kg2 Kh6 43. Nd8 e5 44. fxe5 fxe5 45. Nf7+ Kg6 46. Nxe5+ Kg5 47. Nf3+ Kh6 48. h4 Kg6 49. h5+ Kh6 50. Kh3 Kg7 51. g5 Kh7 52. Kh4 Kg7 53. h6+ Kg6 54. Ne5+ Kh7 55. Kh5 1-0

[Event "Galicia-ch U18"]
[Site "Padron"]
[Date "2022.02.28"]
[Round "5"]
[White "Suarez Gomez, Paula"]
[Black "Sanroman Costas, Mauro"]
[Result "0-1"]
[WhiteElo "1740"]
[BlackElo "1869"]
[PlyCount "58"]
[EventDate "2022.02.26"]
[EventType "swiss"]
[EventRounds "8"]
[EventCountry "ESP"]
[SourceTitle "EXT 2023"]
[Source "ChessBase"]
[SourceDate "2022.10.05"]
[SourceVersion "1"]
[SourceVersionDate "2022.10.05"]
[SourceQuality "1"]

1. e4 c5 2. g3 Nc6 3. Bg2 Nf6 4. f4 d5 5. e5 Bg4 6. Nf3 Nd7 7. h3 Bxf3 8. Bxf3 e6 9. d3 Nd4 10. Bg2 Nf5 11. Qf3 Be7 12. 0-0 h5 13. c3 Rh6 14. g4 Nh4 15. Qe2 hxg4 16. hxg4 g5 17. d4 gxf4 18. Bxf4 Bg5 19. Qd2 Rg6 20. Bh3 Qe7 21. Na3 0-0-0 22. Nb5 Nf5 23. Kh2 Nh6 24. Nxa7+ Kb8 25. Nb5 Rh8 26. Kg3 Bxf4+ 27. Rxf4 Qh4+ 28. Kg2 Nxg4 29. Rh1 Nh2+ 0-1

[Event "Galicia-ch U18"]
[Site "Padron"]
[Date "2022.02.27"]
[Round "4"]
[White "Sanroman Costas, Mauro"]
[Black "Dopazo Vazquez, Ivan"]
[Result "1-0"]
[WhiteElo "1869"]
[BlackElo "1590"]
[PlyCount "128"]
[EventDate "2022.02.26"]
[EventType "swiss"]
[EventRounds "8"]
[EventCountry "ESP"]
[SourceTitle "EXT 2023"]
[Source "ChessBase"]
[SourceDate "2022.10.05"]
[SourceVersion "1"]
[SourceVersionDate "2022.10.05"]
[SourceQuality "1"]

1. e4 Nc6 2. Nc3 Nf6 3. d4 d6 4. Nge2 g6 5. f3 Bg7 6. Be3 e5 7. Qd2 exd4 8. Nxd4 Nxd4 9. Bxd4 Be6 10. g4 0-0 11. 0-0-0 a6 12. h4 Qe7 13. h5 c5 14. Be3 Rfd8 15. Bg5 b5 16. Qf4 b4 17. Nd5 Bxd5 18. exd5 Qe5 19. Qxe5 dxe5 20. h6 Bh8 21. Bc4 Rd6 22. Rhe1 Nd7 23. Be7 Rb6 24. Bb3 Re8 25. d6 Rb7 26. Ba4 Ra7 27. Re4 Rc8 28. g5 Rb7 29. b3 Ra7 30. Rd5 Rb7 31. Rc4 Rb5 32. c3 e4 33. Rxe4 Bxc3 34. Bxb5 axb5 35. Bf6 Bxf6 36. gxf6 Kf8 37. Re7 Rd8 38. Rxd7 Rxd7 39. Rxc5 Ke8 40. Re5+ Kd8 41. Re7 Rxd6 42. Rxf7 Rd7 43. Rf8+ Kc7 44. Ra8 Kd6 45. Ra6+ Kd5 46. Kd2 Rc7 47. Rb6 Kc5 48. Re6 Rd7+ 49. Ke3 Rf7 50. Ke4 g5 51. Ke5 Rd7 52. Re7 Rd3 53. f4 Rd5+ 54. Ke4 Rd4+ 55. Kf5 Rxf4+ 56. Kxg5 Rf2 57. Rxh7 Kd6 58. Ra7 Rg2+ 59. Kf5 Rf2+ 60. Kg6 Rg2+ 61. Kh7 Ke6 62. Rg7 Rf2 63. Kg8 Rxa2 64. f7 Kd5 1-0

[Event "Galicia-ch U18"]
[Site "Padron"]
[Date "2022.02.26"]
[Round "1"]
[White "Perez Ochandategui, Xabier"]
[Black "Sanroman Costas, Mauro"]
[Result "0-1"]
[WhiteElo "1438"]
[BlackElo "1869"]
[PlyCount "74"]
[EventDate "2022.02.26"]
[EventType "swiss"]
[EventRounds "8"]
[EventCountry "ESP"]
[SourceTitle "EXT 2023"]
[Source "ChessBase"]
[SourceDate "2022.10.05"]
[SourceVersion "1"]
[SourceVersionDate "2022.10.05"]
[SourceQuality "1"]

1. e4 c5 2. Nf3 e6 3. d4 cxd4 4. Nxd4 Nf6 5. Nc3 Nc6 6. Be3 Bb4 7. f3 d5 8. Bb5 Bd7 9. Bxc6 bxc6 10. e5 Ng8 11. a3 Ba5 12. Nb3 Bb6 13. Qd2 Qc7 14. Bxb6 axb6 15. Qg5 Kf8 16. 0-0 Ne7 17. Nd4 b5 18. Qe3 Rc8 19. Kh1 c5 20. Ndxb5 Nf5 21. Qe2 Qb6 22. Nd6 Nxd6 23. exd6 d4 24. Nd5 Qxd6 25. Ne3 dxe3 26. Rfd1 Qe7 27. Qxe3 f6 28. Rd3 Kf7 29. Rad1 Rhd8 30. Qd2 Ke8 31. b3 Bc6 32. a4 c4 33. Rd4 e5 34. Rd6 Rxd6 35. Qxd6 Qxd6 36. Rxd6 cxb3 37. cxb3 Bxa4 0-1

[Event "Guimaraes op"]
[Site "Guimaraes"]
[Date "2021.08.24"]
[Round "1"]
[White "Sanroman Costas, Mauro"]
[Black "Gukesh, Dommaraju"]
[Result "0-1"]
[WhiteElo "1831"]
[BlackElo "2578"]
[PlyCount "84"]
[EventDate "2021.08.24"]
[EventType "swiss"]
[EventRounds "9"]
[EventCountry "POR"]
[SourceTitle "CBM 204 Extra"]
[Source "ChessBase"]
[SourceDate "2021.11.30"]
[SourceVersion "1"]
[SourceVersionDate "2021.11.30"]
[SourceQuality "1"]

1. e4 c6 2. Nc3 d5 3. Nf3 dxe4 4. Nxe4 Nf6 5. Qe2 Na6 6. d4 Bf5 7. Ng3 Bg4 8. c3 Qd5 9. h3 Bxf3 10. Qxf3 Qxf3 11. gxf3 Nc7 12. c4 g6 13. Bd2 Bg7 14. Bc3 0-0-0 15. h4 h5 16. 0-0-0 Kb8 17. Bh3 Nfe8 18. Ne4 Nd6 19. Nxd6 exd6 20. d5 Bxc3 21. bxc3 cxd5 22. cxd5 Rhe8 23. c4 Re2 24. Rd2 Re5 25. Kc2 Na6 26. a3 Rde8 27. Rhd1 Nc5 28. Rb1 Kc7 29. Rbd1 Kd8 30. Rg1 Ke7 31. Rgd1 Kf6 32. Rg1 Re1 33. Rxe1 Rxe1 34. Rd1 Rxd1 35. Kxd1 Ke5 36. Kd2 Kd4 37. Bf1 Nb3+ 38. Kc2 Na5 39. f4 f5 40. Be2 Nxc4 41. Bf3 Nxa3+ 42. Kb3 Nb5 0-1

[Event "ESP-ch U16"]
[Site "Salobrena"]
[Date "2020.08.10"]
[Round "2"]
[White "Sanroman Costas, Mauro"]
[Black "Alcala Gonzalez, Cesar"]
[Result "0-1"]
[WhiteElo "1847"]
[BlackElo "2058"]
[PlyCount "102"]
[EventDate "2020.08.10"]
[EventType "swiss"]
[EventRounds "9"]
[EventCountry "ESP"]
[SourceTitle "EXT 2021"]
[Source "ChessBase"]
[SourceDate "2020.10.23"]
[SourceVersion "1"]
[SourceVersionDate "2020.10.23"]
[SourceQuality "1"]

1. e4 c5 2. Nf3 e6 3. d4 cxd4 4. Nxd4 a6 5. Be2 b5 6. a3 Bb7 7. Nc3 Qc7 8. Be3 Nf6 9. Bf3 Nc6 10. 0-0 Be7 11. Re1 0-0 12. g3 d6 13. Bg2 Ne5 14. Bc1 Nc4 15. h3 Rfd8 16. Qe2 d5 17. exd5 Bc5 18. Nc6 Re8 19. Bf4 Qb6 20. Ne5 Nxe5 21. Bxe5 exd5 22. Qf3 Ne4 23. Nxe4 dxe4 24. Qf4 Bxf2+ 25. Qxf2 Qxf2+ 26. Kxf2 Rxe5 27. Ke3 f5 28. Rad1 Rc8 29. c3 Kf7 30. Rd7+ Re7 31. Red1 Rc7 32. R7d6 Re6 33. Rd7+ Re7 34. R7d6 Rc6 35. Rd7 Bc8 36. R7d4 g5 37. R1d2 Rf6 38. Rf2 Rd7 39. Rdd2 Rxd2 40. Rxd2 Ke7 41. Bf1 Bb7 42. Rf2 Ke6 43. Be2 Ke5 44. Rf1 f4+ 45. gxf4+ gxf4+ 46. Kd2 e3+ 47. Ke1 f3 48. Bd3 f2+ 49. Ke2 Kf4 50. Rc1 Bg2 51. h4 Rd6 0-1

[Event "Tres Cantos op 10th"]
[Site "Tres Cantos"]
[Date "2018.06.24"]
[Round "4.36"]
[White "Sanroman Costas, Mauro"]
[Black "Morales Martin, Javier"]
[Result "0-1"]
[WhiteElo "1132"]
[BlackElo "1756"]
[PlyCount "48"]
[EventDate "2018.06.21"]
[EventType "swiss"]
[EventRounds "9"]
[EventCountry "ESP"]
[SourceTitle "EXT 2024"]
[Source "ChessBase"]
[SourceDate "2023.10.10"]
[SourceVersion "1"]
[SourceVersionDate "2023.10.10"]
[SourceQuality "1"]

1. e4 c5 2. Nf3 g6 3. d4 cxd4 4. Nxd4 Bg7 5. Be3 Nc6 6. Nc3 Nf6 7. f3 0-0 8. Qd2 d5 9. Nb3 dxe4 10. fxe4 Ng4 11. Bf4 Qxd2+ 12. Bxd2 Nb4 13. Rc1 a5 14. a3 Nc6 15. h3 Nf6 16. Bd3 Nh5 17. 0-0 a4 18. Na1 Bd4+ 19. Kh2 Be5+ 20. Kg1 Be6 21. Rb1 Rfd8 22. Ne2 Ba2 23. c3 Rxd3 24. Rbd1 Rad8 0-1